OPAC Home

පරෙවි සඳෙස් පහදනය (Record no. 75707)

MARC details
000 -LEADER
fixed length control field 00524nam a2200193Ia 4500
003 - CONTROL NUMBER IDENTIFIER
control field LK-CoDNM
005 - DATE AND TIME OF LATEST TRANSACTION
control field 20241212105238.0
008 - FIXED-LENGTH DATA ELEMENTS--GENERAL INFORMATION
fixed length control field 121016t1967 xxu||||| |||| 00| 0 sin d
040 ## - CATALOGING SOURCE
Original cataloging agency LK-CoDNM
Modifying agency LK-CoDNM
Description conventions LK-CoDNM
041 ## - LANGUAGE CODE
Language code of text/sound track or separate title Sinhala; Sinhalese
080 ## - UNIVERSAL DECIMAL CLASSIFICATION NUMBER
Universal Decimal Classification number 8S1
Item number SEB
942 ## - ADDED ENTRY ELEMENTS (KOHA)
Koha item type Books
100 ## - MAIN ENTRY--PERSONAL NAME
Personal name Alavuisi Sebihela
245 ## - TITLE STATEMENT
Title පරෙවි සඳෙස් පහදනය
246 ## - VARYING FORM OF TITLE
Title proper/short title Parevi Sades Pahadanaya
260 ## - PUBLICATION, DISTRIBUTION, ETC. (IMPRINT)
Name of publisher, distributor, etc. M.D.Gunasena Samagama
Place of publication, distribution, etc. Colombo 11
Date of publication, distribution, etc. 1967
300 ## - PHYSICAL DESCRIPTION
Other physical details 165p. : 21 cm
650 ## - SUBJECT ADDED ENTRY--TOPICAL TERM
Topical term or geographic name as entry element සංදෙශ
Holdings
Withdrawn status Lost status Damaged status Not for loan Collection code Permanent Location Current Location Shelving location Date acquired Full call number Barcode Koha item type
    Damaged   Poems Library National Museum Colombo - Sri Lanka Library National Museum Colombo - Sri Lanka Reference 2024-12-12 8S1 SEB OK201 Books
Copyright © 2023 Department of National Museum, Colombo 07, Sri Lanka Funded by UNESCO IFAP UNESCO